| 000 | 00828nam a22002897a 4500 | ||
|---|---|---|---|
| 003 | CHAP | ||
| 005 | 20220817041559.0 | ||
| 008 | 971013s1961 r 00010 d | ||
| 010 | _a18631 | ||
| 011 | _a19603 | ||
| 035 | _a23688 | ||
| 040 | _cCHAP | ||
| 082 |
_a641.1 _bD4 |
||
| 100 | 0 | 0 |
_aDesrosier, Norman W. _932197 |
| 245 | _aAttack on starvation | ||
| 260 |
_aWestport, Conn. : _bAVI, _c1961 |
||
| 300 | _a312 p. | ||
| 590 |
_aBATCH-UPD _b10 _c20130110 _lUCH01 _h1635 |
||
| 590 |
_aBATCH-UPD _b10 _c20130410 _lUCH01 _h1026 |
||
| 590 |
_aBATCH-UPD _b10 _c20130914 _lUCH01 _h0125 |
||
| 590 |
_aCONVERSION _b10 _c20130109 _lUCH01 _h1311 |
||
| 650 | 1 | 4 |
_aAlimentos _xAbastecimiento. |
| 650 | 1 | 4 |
_aNutrición. _982246 |
| 901 | _aBK | ||
| 942 | _cLIBRO | ||
| 949 |
_a641.1 D4 _bBC _cLIBRO _d33724002205496 _eLIBRO _h39759 _i23688 _mD _si |
||
| 999 |
_c18631 _d18631 |
||